| 000 -LEADER |
| fixed length control field |
01285nam a22003017a 4500 |
| 003 - CONTROL NUMBER IDENTIFIER |
| control field |
OSt |
| 005 - DATE AND TIME OF LATEST TRANSACTION |
| control field |
20251125074732.0 |
| 008 - FIXED-LENGTH DATA ELEMENTS--GENERAL INFORMATION |
| fixed length control field |
251125b ||||| |||| 00| 0 eng d |
| 020 ## - INTERNATIONAL STANDARD BOOK NUMBER |
| International Standard Book Number |
9781409562900 |
| 040 ## - CATALOGING SOURCE |
| Transcribing agency |
KH8 |
| 082 04 - DEWEY DECIMAL CLASSIFICATION NUMBER |
| Classification number |
612 HIN |
| 100 10 - MAIN ENTRY--PERSONAL NAME |
| Personal name |
Hindley, Judy |
| Relator term |
author |
| 245 10 - TITLE STATEMENT |
| Title |
How your body works |
| Statement of responsibility, etc. |
Judy Hindley assisted by Christopher Rawson ; illustrated by Colin King ; edited by Louie Stowell and Sam Lake. |
| 250 ## - EDITION STATEMENT |
| Edition statement |
New edition |
| 264 #1 - PRODUCTION, PUBLICATION, DISTRIBUTION, MANUFACTURE, AND COPYRIGHT NOTICE |
| Place of production, publication, distribution, manufacture |
Usborne House,83-85 Saffron Hill,London,EC1N 8RT,England |
| Name of producer, publisher, distributor, manufacturer |
Usborne Publishing Ltd |
| Date of production, publication, distribution, manufacture, or copyright notice |
2013 |
| 300 ## - PHYSICAL DESCRIPTION |
| Extent |
47 pages |
| Other physical details |
illustrations (colour) |
| Dimensions |
22cm x 28cm |
| 520 ## - SUMMARY, ETC. |
| Summary, etc. |
All the functions of the body, such as digestion, respiration, reproduction, movement and sensitivity are described in this book, using the device of friendly robots and machines to show how everything works. |
| 650 #0 - SUBJECT ADDED ENTRY--TOPICAL TERM |
| Topical term or geographic name entry element |
Human body |
| Form subdivision |
Juvenile literature |
| 650 #0 - SUBJECT ADDED ENTRY--TOPICAL TERM |
| Topical term or geographic name entry element |
Human anatomy |
| Form subdivision |
Juvenile literature |
| 650 #0 - SUBJECT ADDED ENTRY--TOPICAL TERM |
| Topical term or geographic name entry element |
Human physiology |
| Form subdivision |
Juvenile literature |
| 655 ## - INDEX TERM--GENRE/FORM |
| Genre/form data or focus term |
Non Fiction |
| 700 1# - ADDED ENTRY--PERSONAL NAME |
| Personal name |
Rawson, Christopher, |
| Dates associated with a name |
1939- |
| Relator term |
author. |
| 700 1# - ADDED ENTRY--PERSONAL NAME |
| Personal name |
King, Colin, |
| Dates associated with a name |
1943- |
| Relator term |
illustrator. |
| 700 1# - ADDED ENTRY--PERSONAL NAME |
| Personal name |
Stowell, Louie, |
| Relator term |
editor. |
| 700 1# - ADDED ENTRY--PERSONAL NAME |
| Personal name |
Lake, Sam |
| Titles and other words associated with a name |
(Editor), |
| Relator term |
editor. |
| 942 ## - ADDED ENTRY ELEMENTS (KOHA) |
| Source of classification or shelving scheme |
|
| Koha item type |
Books - Non Ficton |